Najpopularniejsze utwory Kaza Bałagane 2025 - Statystyki

Ogólne statystyki
  • Ten quiz został rozwiązany 131 razy
  • Średni wynik to 7 z 15
Statystyki odpowiedzi
Odtworzenia Tytuł Featy % Poprawnych
32,5 mln Multisport Oskar83
91%
27,7 mln Kulig DMN
77%
17 mln Sos, Ciuchy I Borciuchy Belmondo
72%
22,3 mln Dr. Traphouse Belmondo
69%
26,4 mln Trendsetter
61%
18,2 mln Blueface Młody Dron
57%
16,7 mln Chaczapuri
45%
8,1 mln Kawałek Nieba Kukon
40%
11,7 mln Nowe Szklane Domy Taco Hemingway
40%
14 mln Zegar Kabe
37%
12,1 mln Moonrock Szpaku
35%
7,9 mln Szafa PRO8L3M
35%
8,3 mln Spodenki Do Ćpania
31%
8,5 mln All Day Everyday - Łee
26%
9,9 mln Numer o spodenkach krótkich
17%
Nie znaleziono quizów pasujących do podanych kryteriów
Rozkład punktacji
Procent ludzi z każdym wynikiem
Percentyl według liczby udzielonych odpowiedzi
Twoja historia wyników
Nie rozwiązałeś tego quizu